[Event "Keres Memorial 35th"]
[Site "Vancouver"]
[Date "2010.05.23"]
[Round "4"]
[White "Kostin, Andrey"]
[Black "Roua, Radu Laurentiu"]
[Result "0-1"]
[WhiteElo "2087"]
[BlackElo "2224"]
[PlyCount "74"]
[EventDate "2010.05.22"]
[EventType "swiss"]
[EventRounds "6"]
[EventCountry "CAN"]
[SourceTitle "CBM 136 Extra"]
[Source "ChessBase"]
[SourceDate "2010.07.02"]
[SourceVersion "2"]
[SourceVersionDate "2010.07.15"]
[SourceQuality "1"]

1. e4 Nc6 2. d4 e5 3. d5 Nce7 4. Nf3 Ng6 5. Nc3 Bc5 6. Bd3 d6 7. Na4 a6 8. Nxc5 dxc5 9. 0-0 Nf6 10. h3 0-0 11. c4 Ne8 12. a3 a5 13. Rb1 a4 14. Ne1 Qf6 15. Bc2 Nf4 16. Bxf4 Qxf4 17. Qf3 Qxf3 18. Nxf3 f6 19. Nd2 g5 20. Kh2 Nd6 21. g3 Bd7 22. f4 h6 23. Rf2 Rf7 24. Rbf1 Raf8 25. Bd1 exf4 26. gxf4 Re7 27. Bc2 Kg7 28. Rg2 Rg8 29. e5 fxe5 30. fxg5 h5 31. h4 e4 32. Rf4 Rge8 33. Rg1 e3 34. Nf3 Ne4 35. Bxe4 Rxe4 36. Kg3 Bg4 37. Re1 Rxf4 0-1

[Event "Keres Memorial 35th"]
[Site "Vancouver"]
[Date "2010.05.23"]
[Round "3"]
[White "Roua, Radu Laurentiu"]
[Black "Kyriakides, Savvas"]
[Result "1/2-1/2"]
[WhiteElo "2224"]
[BlackElo "2202"]
[PlyCount "86"]
[EventDate "2010.05.22"]
[EventType "swiss"]
[EventRounds "6"]
[EventCountry "CAN"]
[SourceTitle "CBM 136 Extra"]
[Source "ChessBase"]
[SourceDate "2010.07.02"]
[SourceVersion "2"]
[SourceVersionDate "2010.07.15"]
[SourceQuality "1"]

1. d4 Nf6 2. c4 g6 3. Nf3 Bg7 4. g3 d6 5. Bg2 0-0 6. 0-0 Nc6 7. Nc3 e5 8. dxe5 Nxe5 9. Nxe5 dxe5 10. Bg5 Qxd1 11. Raxd1 c6 12. Rd6 Ne8 13. Rd2 Nc7 14. Be7 Re8 15. Bd6 Ne6 16. e3 f5 17. Rc1 e4 18. Bf1 Bf8 19. Rcd1 Bxd6 20. Rxd6 Kf7 21. b4 Ng5 22. Be2 Ke7 23. R6d4 Be6 24. Na4 b6 25. Nc3 Red8 26. a3 Rd7 27. Rxd7+ Bxd7 28. b5 Rc8 29. a4 Be6 30. bxc6 Rxc6 31. Nb5 Bxc4 32. Nxa7 Rc5 33. Bxc4 Nf3+ 34. Kg2 Rxc4 35. Rb1 Rc7 36. Rxb6 Rc1 37. h4 Rg1+ 38. Kh3 Ne1 39. Kh2 Nf3+ 40. Kh3 Rh1+ 41. Kg2 Rg1+ 42. Kh3 Rh1+ 43. Kg2 Rg1+ 1/2-1/2

[Event "Keres Memorial 33rd"]
[Site "Vancouver"]
[Date "2008.05.17"]
[Round "3"]
[White "Leblanc, Paul"]
[Black "Roua, Radu Laurentiu"]
[Result "0-1"]
[WhiteElo "1967"]
[BlackElo "2321"]
[PlyCount "88"]
[EventDate "2008.05.16"]
[EventType "swiss"]
[EventRounds "7"]
[EventCountry "CAN"]
[SourceTitle "EXT 2011"]
[Source "ChessBase"]
[SourceDate "2010.11.26"]
[SourceVersion "1"]
[SourceVersionDate "2010.11.26"]
[SourceQuality "1"]

1. d4 Nc6 2. g3 e5 3. dxe5 Nxe5 4. Bg2 Nf6 5. Nf3 Nxf3+ 6. Bxf3 d5 7. 0-0 Be7 8. c4 dxc4 9. Qa4+ c6 10. Qxc4 Be6 11. Qc2 0-0 12. Nc3 Qa5 13. Bd2 Qf5 14. Qxf5 Bxf5 15. e4 Be6 16. Bf4 Bc5 17. e5 Nd7 18. Rad1 h6 19. h4 g5 20. hxg5 hxg5 21. Bxg5 Nxe5 22. Kg2 Nxf3 23. Kxf3 f6 24. Be3 Bxe3 25. Kxe3 Rad8 26. a3 Rde8 27. Kf4 Re7 28. Rd6 Bb3 29. Nd1 Re2 30. Kf3 Bxd1 31. Rfxd1 Rxb2 32. R1d3 Kg7 33. Rd7+ Rf7 34. Rxf7+ Kxf7 35. Ke3 Ke6 36. g4 c5 37. f4 c4 38. Rc3 Kd5 39. g5 fxg5 40. fxg5 Rg2 41. Kf4 Kd4 42. Rc1 c3 43. Kf5 c2 44. g6 Kc3 0-1

[Event "Keres Memorial 33rd"]
[Site "Vancouver"]
[Date "2008.05.17"]
[Round "2"]
[White "Roua, Radu Laurentiu"]
[Black "Davies, Noam"]
[Result "1/2-1/2"]
[WhiteElo "2321"]
[BlackElo "2210"]
[PlyCount "155"]
[EventDate "2008.05.16"]
[EventType "swiss"]
[EventRounds "7"]
[EventCountry "CAN"]
[SourceTitle "EXT 2011"]
[Source "ChessBase"]
[SourceDate "2010.11.26"]
[SourceVersion "1"]
[SourceVersionDate "2010.11.26"]
[SourceQuality "1"]

1. d4 Nf6 2. Nf3 g6 3. Nbd2 d5 4. Ne5 Bg7 5. e3 0-0 6. f4 b6 7. Bd3 c5 8. c3 Qc7 9. Qf3 Bb7 10. 0-0 Nfd7 11. Qh3 Bc8 12. Qf3 Bb7 13. Qg3 Ba6 14. Bxa6 Nxa6 15. Qh3 e6 16. g4 f6 17. Nxd7 Qxd7 18. Nf3 Rae8 19. Bd2 Nc7 20. g5 f5 21. Rf2 Nb5 22. Qf1 Nd6 23. h4 Ne4 24. Rh2 Ng3 25. Qe1 Nh5 26. Rg2 Rb8 27. Qe2 Rfc8 28. Kf2 c4 29. Rgg1 b5 30. Rgb1 a5 31. Qe1 a4 32. b3 Qa7 33. bxa4 Qxa4 34. Rb4 Qa6 35. a4 bxa4 36. Raxa4 Qc6 37. Qa1 Rxb4 38. Rxb4 Bf8 39. Ne5 Qc7 40. Rb5 Bd6 41. Qa6 Rb8 42. Nc6 Rxb5 43. Qxb5 Kf7 44. Qa6 Ng7 45. Na7 Ne8 46. Nb5 Qd7 47. Bc1 Be7 48. Na7 Nd6 49. Nc6 Qb7 50. Ne5+ Kg7 51. Qxb7 Nxb7 52. Ke2 Bd6 53. Nf3 Na5 54. Kd1 Nc6 55. Kc2 Na7 56. Bb2 Nb5 57. Bc1 Bc7 58. Bb2 Bd6 59. Nd2 Bc7 60. Nf1 Bd6 61. Ng3 Bc7 62. h5 Bd6 63. h6+ Kf7 64. Ne2 Ke7 65. Ng1 Kd7 66. Bc1 Kc6 67. Nf3 Kb6 68. Nh4 Bf8 69. Bb2 Ka5 70. Kb1 Ka4 71. Ka2 Ka5 72. Nf3 Bd6 73. Ba1 Ka4 74. Nh4 Bf8 75. Bb2 Ka5 76. Nf3 Bd6 77. Nh4 Bf8 78. Nf3 1/2-1/2

[Event "Washington op"]
[Site "Seattle"]
[Date "2007.05.27"]
[Round "3"]
[White "Roua, Radu Laurentiu"]
[Black "Serper, Grigory"]
[Result "0-1"]
[WhiteElo "2169"]
[BlackElo "2507"]
[PlyCount "72"]
[EventDate "2007.05.26"]
[EventType "swiss"]
[EventRounds "6"]
[EventCountry "USA"]
[SourceTitle "EXT 2017"]
[Source "ChessBase"]
[SourceDate "2016.10.25"]
[SourceVersion "1"]
[SourceVersionDate "2016.10.25"]
[SourceQuality "1"]

1. d4 Nf6 2. c4 e6 3. Nf3 d5 4. e3 c5 5. a3 a6 6. Nc3 dxc4 7. Bxc4 b5 8. Bd3 Nbd7 9. 0-0 Bb7 10. dxc5 Nxc5 11. Bc2 Qxd1 12. Rxd1 Be7 13. b4 Ncd7 14. Bb3 Nb6 15. Bb2 0-0 16. Ne5 Rfc8 17. Ne2 Bd5 18. Bxd5 Nfxd5 19. e4 Rc2 20. exd5 Rxe2 21. d6 Bf6 22. Bd4 Bxe5 23. Bxb6 Bxa1 24. Rxa1 Rd2 25. Bc7 Kf8 26. Kf1 Ke8 27. Ke1 Rc2 28. a4 bxa4 29. Rxa4 Rb2 30. Kd1 Rxf2 31. Kc1 Rf5 32. Kd2 Kd7 33. Kc3 h5 34. Kc4 h4 35. g4 Rd5 36. Ra2 f6 0-1

[Event "Keres Memorial 32nd"]
[Site "Vancouver"]
[Date "2007.05.20"]
[Round "5"]
[White "Roua, Radu Laurentiu"]
[Black "Jiang, Louie"]
[Result "1-0"]
[WhiteElo "2210"]
[BlackElo "2072"]
[PlyCount "39"]
[EventDate "2007.05.18"]
[EventType "swiss"]
[EventRounds "7"]
[EventCountry "CAN"]
[SourceTitle "EXT 2008"]
[Source "ChessBase"]
[SourceDate "2007.11.25"]
[SourceVersion "1"]
[SourceVersionDate "2007.11.25"]
[SourceQuality "1"]

1. d4 d5 2. c4 e6 3. Nc3 Nf6 4. Nf3 c6 5. e3 Nbd7 6. Bd3 Be7 7. 0-0 0-0 8. e4 dxe4 9. Nxe4 Nxe4 10. Bxe4 Nf6 11. Bc2 b6 12. Qd3 h6 13. Ne5 c5 14. Ng4 Re8 15. Be3 Qc7 16. dxc5 bxc5 17. b4 cxb4 18. Bd4 Qf4 19. Nxf6+ Bxf6 20. Qh7+ 1-0

[Event "Linares Anibal op 10th"]
[Site "Linares"]
[Date "2003.03.02"]
[Round "3"]
[White "Moreno, Alejandro"]
[Black "Roua, Radu Laurentiu"]
[Result "1-0"]
[WhiteElo "2390"]
[BlackElo "2131"]
[PlyCount "40"]
[EventDate "2003.02.28"]
[EventType "swiss"]
[EventRounds "10"]
[EventCountry "ESP"]
[SourceTitle "CBM 093 Extra"]
[Source "ChessBase"]
[SourceDate "2003.05.09"]
[SourceVersion "1"]
[SourceVersionDate "2003.05.09"]
[SourceQuality "1"]

1. d4 e6 2. c4 Nf6 3. Nc3 b6 4. e4 Bb4 5. Bd3 Bb7 6. Qe2 d6 7. Bd2 e5 8. d5 Nbd7 9. Nf3 a5 10. 0-0 0-0 11. h3 Nh5 12. g3 g6 13. Bh6 Re8 14. Nd1 f5 15. Ng5 Nc5 16. Bc2 Nxe4 17. Bxe4 fxe4 18. Nxe4 Qe7 19. Ne3 Nf4 20. gxf4 Bc8 1-0

[Event "ROM-ch sf"]
[Site "Sovata"]
[Date "2001.03.16"]
[Round "9"]
[White "Gilea, Lucian"]
[Black "Roua, Radu Laurentiu"]
[Result "0-1"]
[WhiteElo "2222"]
[BlackElo "2109"]
[PlyCount "150"]
[EventDate "2001.03.10"]
[EventType "swiss"]
[EventRounds "11"]
[EventCountry "ROU"]
[SourceTitle "EXT 2008"]
[Source "ChessBase"]
[SourceDate "2007.11.25"]
[SourceVersion "1"]
[SourceVersionDate "2007.11.25"]
[SourceQuality "1"]

1. d4 g6 2. Nf3 Bg7 3. Bf4 c5 4. c3 Qb6 5. Qc1 d6 6. e3 Bg4 7. Nbd2 Nd7 8. Be2 Rc8 9. 0-0 e5 10. Nc4 Qc7 11. dxe5 dxe5 12. Nfxe5 Bxe2 13. Nxf7 Qc6 14. Ncd6+ Kf8 15. Nxh8 Bxf1 16. Qxf1 Ne5 17. Nxc8 Qxc8 18. Bxe5 Bxe5 19. Nxg6+ hxg6 20. Rd1 c4 21. f4 Bf6 22. e4 Nh6 23. h3 b5 24. Qf2 Be7 25. Rd5 a6 26. Qb6 Kg7 27. Kf2 Ng8 28. Re5 Qf8 29. g3 Bd6 30. Rg5 Nf6 31. Kf3 Nd7 32. Qd4+ Kh6 33. e5 Be7 34. Rxg6+ Kxg6 35. Qxd7 Qa8+ 36. Kg4 Kf7 37. Qf5+ Ke8 38. e6 Qg2 39. Qe5 Qxb2 40. f5 Qc2 41. Kh5 Qd3 42. h4 b4 43. g4 bxc3 44. g5 c2 45. f6 Qh7+ 46. Kg4 c1Q 47. Qb8+ Bd8 48. f7+ Ke7 49. Qb4+ Kxe6 50. f8N+ Kd5 51. Nxh7 Qd1+ 52. Kh3 Qf3+ 53. Kh2 Bc7+ 54. Kg1 Qd1+ 55. Kf2 Qc2+ 56. Kf1 Qxh7 57. Qb7+ Kd4 58. g6 Qe7 59. Qb2+ c3 60. Qf2+ Kd3 61. Qf5+ Kd2 62. Qd5+ Kc1 63. Qd4 Qe5 64. Qg4 c2 65. g7 Kb1 66. Qb4+ Ka1 67. Qa3 Qf4+ 68. Kg2 Qh2+ 69. Kf1 Qh1+ 70. Kf2 Qxh4+ 71. Ke2 Qe4+ 72. Kf2 Qf4+ 73. Kg2 Qg5+ 74. Kf2 Qxg7 75. Qc1+ Kxa2 0-1

[Event "Radulescu Memorial"]
[Site "Calimanesti"]
[Date "2000.??.??"]
[Round "?"]
[White "Covaci, Stefan"]
[Black "Roua, Radu Laurentiu"]
[Result "1/2-1/2"]
[WhiteElo "2116"]
[BlackElo "2150"]
[PlyCount "113"]
[EventDate "2000.??.??"]
[EventType "swiss"]
[EventRounds "9"]
[EventCountry "ROU"]
[SourceTitle "EXT 2001"]
[Source "ChessBase"]
[SourceDate "2000.11.22"]
[SourceVersion "1"]
[SourceVersionDate "2000.11.22"]
[SourceQuality "1"]

1. e4 e6 2. d4 d5 3. Nc3 dxe4 4. Nxe4 Bd7 5. Nf3 Bc6 6. Bd3 Nd7 7. Qe2 Ngf6 8. Bg5 Be7 9. 0-0-0 h6 10. Nxf6+ Nxf6 11. Be3 Bxf3 12. gxf3 c6 13. Rhg1 g6 14. Kb1 Qa5 15. c4 0-0-0 16. Bd2 Qh5 17. Bc3 Rhe8 18. Qe3 Nd7 19. b4 Bg5 20. f4 Bf6 21. Be2 Qf5+ 22. Bd3 Qh5 23. Be2 Qh4 24. b5 c5 25. dxc5 Bxc3 26. c6 Nb6 27. cxb7+ Kxb7 28. Bf3+ Kb8 29. Qxc3 Qxf4 30. Bc6 Rf8 31. c5 Na4 32. Qc2 Qb4+ 33. Ka1 Nxc5 34. Qb2 Qxb2+ 35. Kxb2 Nd3+ 36. Kc3 Nxf2 37. Rxd8+ Rxd8 38. Rf1 Nd1+ 39. Kb4 f5 40. Re1 Rd6 41. Be8 Nb2 42. Kc3 Nd3 43. Rd1 Nc5 44. Rxd6 Ne4+ 45. Kb4 Nxd6 46. Bxg6 Kc7 47. a4 f4 48. a5 f3 49. Kc5 f2 50. b6+ axb6+ 51. axb6+ Kb8 52. Bd3 Ne4+ 53. Kd4 Nf6 54. Ke5 Ng4+ 55. Kxe6 Nxh2 56. Kf5 Nf3 57. Ba6 1/2-1/2

[Event "Radulescu Memorial"]
[Site "Calimanesti"]
[Date "2000.??.??"]
[Round "?"]
[White "Roua, Radu Laurentiu"]
[Black "Manea, Alexandru"]
[Result "1/2-1/2"]
[WhiteElo "2150"]
[BlackElo "2239"]
[PlyCount "41"]
[EventDate "2000.??.??"]
[EventType "swiss"]
[EventRounds "9"]
[EventCountry "ROU"]
[SourceTitle "EXT 2001"]
[Source "ChessBase"]
[SourceDate "2000.11.22"]
[SourceVersion "1"]
[SourceVersionDate "2000.11.22"]
[SourceQuality "1"]

1. e4 e5 2. Nc3 Bc5 3. Na4 Bxf2+ 4. Kxf2 Qh4+ 5. Ke3 Qf4+ 6. Kd3 d5 7. Kc3 Qxe4 8. Kb3 Na6 9. a3 Qxa4+ 10. Kxa4 Nc5+ 11. Kb4 a5+ 12. Kxc5 Ne7 13. Bb5+ Kd8 14. Bc6 b6+ 15. Kb5 Nxc6 16. Kxc6 Bb7+ 17. Kb5 Ba6+ 18. Kc6 Bb7+ 19. Kb5 Ba6+ 20. Kc6 Bb7+ 21. Kb5 1/2-1/2

[Event "Ciocaltea Memorial op"]
[Site "Bucharest"]
[Date "2000.??.??"]
[Round "3"]
[White "Roua, Radu Laurentiu"]
[Black "Veneteanu, Ion Cristian"]
[Result "0-1"]
[WhiteElo "2150"]
[BlackElo "2218"]
[PlyCount "120"]
[EventDate "2000.02.??"]
[EventType "swiss"]
[EventRounds "7"]
[EventCountry "ROU"]
[SourceTitle "EXT 2001"]
[Source "ChessBase"]
[SourceDate "2000.11.22"]
[SourceVersion "1"]
[SourceVersionDate "2000.11.22"]
[SourceQuality "1"]

1. d4 Nf6 2. Nf3 c5 3. e3 g6 4. b3 Bg7 5. Bb2 b6 6. Bd3 Bb7 7. Nbd2 cxd4 8. exd4 0-0 9. 0-0 d6 10. Re1 Re8 11. Rb1 Nc6 12. a3 Qc7 13. c4 e5 14. d5 Nb8 15. b4 Nbd7 16. Qb3 h6 17. h3 Nh7 18. g4 Rf8 19. Qc2 Rac8 20. Rbc1 Qd8 21. Qb1 Ndf6 22. Nf1 Rc7 23. Kh2 Bc8 24. Ne3 Re7 25. Nd2 Rfe8 26. f3 Qd7 27. Kg3 Ng5 28. Ne4 Nh5+ 29. Kg2 Nf4+ 30. Kg3 Nfxh3 31. Rh1 Nxe4+ 32. Bxe4 Nf4 33. Rh2 Rf8 34. Bf5 Qb7 35. Be4 Qd7 36. Bf5 Qd8 37. Be4 Rc7 38. Rch1 Qg5 39. Kf2 f5 40. gxf5 gxf5 41. Rg1 Qf6 42. Bc2 Rcf7 43. Nf1 h5 44. Bc1 h4 45. Qa1 Qh6 46. c5 h3 47. cxd6 Qh4+ 48. Rg3 e4 49. Bb2 Nd3+ 50. Bxd3 f4 51. Bxe4 fxg3+ 52. Nxg3 Bd7 53. Rh1 Bxb2 54. Qxb2 Rg7 55. Qe5 Re8 56. Qd4 Qxg3+ 57. Ke3 h2 58. Kd3 Qg2 59. Qa1 Bb5+ 60. Ke3 Qg5+ 0-1

[Event "ROM-ch sf"]
[Site "Baile Tusnad"]
[Date "1999.??.??"]
[Round "1"]
[White "Roua, Radu Laurentiu"]
[Black "Spulber, Cicirone"]
[Result "1-0"]
[WhiteElo "2127"]
[BlackElo "2378"]
[PlyCount "59"]
[EventDate "1999.09.??"]
[EventType "swiss"]
[EventRounds "9"]
[EventCountry "ROU"]
[SourceTitle "EXT 2000"]
[Source "ChessBase"]
[SourceDate "1999.11.16"]
[SourceVersion "1"]
[SourceVersionDate "1999.11.16"]
[SourceQuality "1"]

1. e4 c5 2. c3 d5 3. exd5 Qxd5 4. d4 e6 5. Nf3 Nf6 6. Be2 cxd4 7. cxd4 Be7 8. Nc3 Qd6 9. Nb5 Qd8 10. 0-0 a6 11. Nc3 Nc6 12. Re1 0-0 13. Bf4 b5 14. Rc1 Bb7 15. Bd3 Re8 16. Bb1 Rc8 17. h3 g6 18. a3 b4 19. axb4 Nxb4 20. Ne5 Nbd5 21. Bg5 Qa5 22. Qd3 Qb4 23. Qd2 a5 24. Ba2 a4 25. Re2 Qd6 26. Rc2 a3 27. bxa3 Qxa3 28. Nxd5 Bxd5 29. Rxc8 Rxc8 30. Qf4 1-0

[Event "ROM-ch sf"]
[Site "Baile Tusnad"]
[Date "1999.??.??"]
[Round "7"]
[White "Roua, Radu Laurentiu"]
[Black "Tugui, Adrian"]
[Result "0-1"]
[WhiteElo "2127"]
[BlackElo "2300"]
[PlyCount "101"]
[EventDate "1999.09.??"]
[EventType "swiss"]
[EventRounds "9"]
[EventCountry "ROU"]
[SourceTitle "EXT 2000"]
[Source "ChessBase"]
[SourceDate "1999.11.16"]
[SourceVersion "1"]
[SourceVersionDate "1999.11.16"]
[SourceQuality "1"]

1. d4 Nf6 2. Nf3 c5 3. e3 d5 4. b3 cxd4 5. exd4 Nc6 6. Bb2 Bg4 7. Be2 Bxf3 8. Bxf3 e6 9. 0-0 Be7 10. Nd2 0-0 11. Be2 Rc8 12. a3 Ne4 13. Nf3 f5 14. Bd3 Qc7 15. c4 Bf6 16. Rc1 Qd6 17. c5 Qc7 18. b4 a6 19. Ne1 Rcd8 20. Nc2 Bg5 21. Ra1 Rf6 22. Bc1 Rh6 23. f4 Bf6 24. Be3 g5 25. Bxe4 dxe4 26. Rf2 Rh4 27. g3 gxf4 28. gxf4 Rg4+ 29. Kh1 Qg7 30. Rd2 Ne7 31. Qf1 Nd5 32. Rad1 Kh8 33. a4 Rg8 34. Qf2 Bh4 35. Qf1 h6 36. Ra1 Kh7 37. b5 Bd8 38. b6 a5 39. Rb1 Nc3 40. Ra1 Bf6 41. Ra3 Nd5 42. Ra1 Qg6 43. Rb1 Nc3 44. Ra1 Qe8 45. Qc4 Nd5 46. Rf1 Qg6 47. Qe2 Nxf4 48. Qb5 Nh3 49. Rdd1 f4 50. Qd7+ Rg7 51. Qxe6 0-1